Statistics for General Star Trek Quiz

Click here to take the quiz!

General Stats

  • This quiz has been taken 5 times
  • The average score is 6 of 14

Answer Stats

HintAnswer% Correct
Original Unaired TOS Pilot; Clips reused for ‘The Menagarie’The Cage
100%
Name of Roddenberry’s wifeMajel Barrett
75%
Name of the NX-01 Captain’s DogPorthos
75%
Name of Captain Sisko’s second wifeKasidy
50%
Infantalizing Nickname for Deanna Troi; Used by her motherLittle One
50%
Recurring Number in Star Trek; Inside Joke47
25%
Extinct Xindi Race in Star Trek: EnterpriseAvians
25%
Grim Voyager episode; features a doomed duplicate crewCourse: Oblivion
25%
Name of Chief O’Brien’s second childKirayoshi
25%
Length of sentence Micheal Burnham is given for mutinyLife
25%
Name of engineer on USS Discovery; named after a famous mycologistPaul Stamets
25%
Grain stored at station K-7Quadrotriticale
25%
Notoriously bad Season 7 TNG Episode; Scottish ghost candleSub Rosa
25%
Notoriously bad Voyager episode involving breaking the Warp 10 barrierThreshold
25%

Score Distribution

Percentile by Number Answered

Percent of People with Each Score

Your Score History

You have not taken this quiz